| 000 | 005090000a22001930004500 | ||
|---|---|---|---|
| 001 | 002044 | ||
| 003 | MACL | ||
| 005 | 20150802131138.0 | ||
| 008 | 150802b xxu||||| |||| 00| 0 eng d | ||
| 040 |
_aMACL _cMACL |
||
| 041 | _aEnglish | ||
| 082 | _a371.35/RAI | ||
| 100 |
_aRai, Amar Nath _94337 |
||
| 245 |
_aDistance Education _bOpen Learning VS. Virtual University Concepts _cAmar Nath Rai |
||
| 260 |
_aDelhi _c2000 _bAuthor Press, |
||
| 350 | _a450 | ||
| 650 |
_aEducation _94338 |
||
| 942 |
_k371 _cBK _2ddc |
||
| 999 |
_c13960 _d13960 |
||